Zwycięzcy Ligi Mistrzów - Statystyki

Ogólne statystyki
  • Ten quiz został rozwiązany 51 razy
  • Średni wynik to 29 z 32
Statystyki odpowiedzi
rok klub % Poprawnych
1992 Fc Barcelona/Barcelona/Barca
98%
2006 FC Barcelona/Barcelona/Barca
98%
2009 FC Barcelona/Barcelona/Barca
98%
2011 FC Barcelona/Barcelona/Barca
98%
2015 FC Barcelona/Barcelona/Barca
98%
2016 Real
98%
2017 Real
98%
2018 Real
98%
2022 Real
98%
1998 Real/Real Madryt
98%
2000 Real/Real Madryt
98%
2002 Real/Real Madryt
98%
2014 Real/Real Madryt
98%
2001 Bayern/Bayern Monachium
96%
2013 Bayern/Bayern Monachium
96%
2020 Bayern/Bayern Monachium
96%
1999 Man United/Manchester United
96%
2008 Man United/Manchester United
96%
2012 Chelsea
94%
2021 Chelsea
94%
2005 Liverpool
94%
2019 Liverpool
94%
2010 Inter
92%
1994 AC Milan/Milan
90%
2003 AC Milan/Milan
90%
2007 AC Milan/Milan
90%
1997 Borussia Dortmund/Borussia/BVB
88%
1996 Juventus Turyn/Juve/Juventus
88%
2023 Manchester City
88%
2004 Porto/FC Porto
78%
1995 Ajax/Ajax Amsterdam
65%
1993 OM/Marsylia/Olympique Marsylia
53%
Nie znaleziono quizów pasujących do podanych kryteriów
Rozkład punktacji
Procent ludzi z każdym wynikiem
Percentyl według liczby udzielonych odpowiedzi
Twoja historia wyników
Nie rozwiązałeś tego quizu